<?xml version="1.0" encoding="UTF-8"?>
<record
    xmlns:xsi="http://www.w3.org/2001/XMLSchema-instance"
    xsi:schemaLocation="http://www.loc.gov/MARC21/slim http://www.loc.gov/standards/marcxml/schema/MARC21slim.xsd"
    xmlns="http://www.loc.gov/MARC21/slim">

  <leader>01135naa a2200181 i 4500</leader>
  <controlfield tag="001">8987</controlfield>
  <controlfield tag="003">KOSZ 005</controlfield>
  <controlfield tag="005">20180314095525.0</controlfield>
  <controlfield tag="008">180314s2007    enka   f     |100 0 eng d</controlfield>
  <datafield tag="040" ind1=" " ind2=" ">
    <subfield code="c">KOSZ 005/HR</subfield>
    <subfield code="a">KOSZ 005/HR</subfield>
  </datafield>
  <datafield tag="100" ind1="1" ind2=" ">
    <subfield code="a">ANIELAK, Anna Maria.</subfield>
    <subfield code="d">1996 - 2011.</subfield>
    <subfield code="b">Politechnika Koszali&#x144;ska - Wydzia&#x142; Budownictwa i In&#x17C;ynierii &#x15A;rodowiska,</subfield>
    <subfield code="c">Katedra Technologii Wody i &#x15A;ciek&#xF3;w</subfield>
  </datafield>
  <datafield tag="245" ind1="1" ind2="0">
    <subfield code="a">Removal of arsenic from underground waters on modified clinoptilolite /</subfield>
    <subfield code="c">Anna M. Anielak, Renata &#x15A;widerska, A. Majewski.</subfield>
  </datafield>
  <datafield tag="655" ind1=" " ind2="0">
    <subfield code="a">Materia&#x142;y konferencyjne.</subfield>
  </datafield>
  <datafield tag="700" ind1="1" ind2=" ">
    <subfield code="a">&#x15A;WIDERSKA-D&#x104;BROWSKA, Renata.</subfield>
    <subfield code="d">1996 - .</subfield>
    <subfield code="b">Politechnika Koszali&#x144;ska - Wydzia&#x142; Budownictwa i In&#x17C;ynierii &#x15A;rodowiska,</subfield>
    <subfield code="c">Katedra Technologii Wody i &#x15A;ciek&#xF3;w</subfield>
  </datafield>
  <datafield tag="711" ind1=" " ind2=" ">
    <subfield code="a">Kongres In&#x17C;ynierii &#x15A;rodowiska</subfield>
    <subfield code="n">(2 ;</subfield>
    <subfield code="d">2005 ;</subfield>
    <subfield code="c">Lublin, Polska).</subfield>
  </datafield>
  <datafield tag="773" ind1="0" ind2=" ">
    <subfield code="i">W :</subfield>
    <subfield code="t">Environmental engineering : proceedings of the Second National Congress of Environmental Engineering, Lublin, Poland, 4-8 september 2005 / edit. by Lucjan Paw&#x142;owski, Marzenna Dudzi&#x144;ska, Artur Paw&#x142;owski. -</subfield>
    <subfield code="d">London : Taylor &amp; Francis, 2007. -</subfield>
    <subfield code="g">s. 221-225</subfield>
  </datafield>
  <datafield tag="942" ind1=" " ind2=" ">
    <subfield code="c">ROZ</subfield>
    <subfield code="2">UKD</subfield>
  </datafield>
  <datafield tag="999" ind1=" " ind2=" ">
    <subfield code="c">8987</subfield>
    <subfield code="d">8987</subfield>
  </datafield>
</record>
